Moderne Länder, die von Österreich kontrolliert wurden auf einer Karte - Statistiken

Allgemein
  • Dieses Quiz wurde 5.483 mal gespielt
  • Das Durchschnittsergebnis liegt bei 24 aus 26
Antworten auf der Karte
Die Antworten werden auf der Karte rot bzw. grün angezeigt, abhängig davon wie oft sie richtig erraten wurden.
 
Antwortstatistiken
Land % Korrekt
Italien
99%
Niederlande
99%
Belgien
98%
Deutschland
98%
Frankreich
98%
Kroatien
98%
Österreich
98%
Polen
98%
Schweiz
98%
Slowenien
98%
Tschechien
98%
Ungarn
98%
Luxemburg
97%
Rumänien
97%
Slowakei
97%
Albanien
96%
Bosnien und Herzegowina
96%
Serbien
96%
Ukraine
94%
Kosovo
93%
Liechtenstein
93%
Montenegro
92%
Spanien
89%
Indien
83%
Mosambik
41%
China
33%
Keine übereinstimmenden Quizze gefunden
Verteilung der Resultate
Anzahl Personen mit jedem Resultat
Perzentil nach korrekt beantworteten Fragen
Ihre Resultats-Entwicklung
Sie haben dieses Quiz noch nicht gespielt